Library Banner

Developing managerial competences: (Record no. 23390)

MARC details
000 -LEADER
fixed length control field 00478nam a2200181Ia 4500
001 - CONTROL NUMBER
control field 23154
008 - FIXED-LENGTH DATA ELEMENTS--GENERAL INFORMATION
fixed length control field 140410s9999 xx 000 0 und d
020 ## - INTERNATIONAL STANDARD BOOK NUMBER
International Standard Book Number 0-273-03326-3
040 ## - CATALOGING SOURCE
Transcribing agency PK-LaUMT
082 ## - DEWEY DECIMAL CLASSIFICATION NUMBER
Classification number 658.409
Item number BOA-D
100 ## - MAIN ENTRY--PERSONAL NAME
Personal name George Boak
245 ## - TITLE STATEMENT
Title Developing managerial competences:
Remainder of title the management learning contract approach
Statement of responsibility, etc George Boak
260 ## - PUBLICATION, DISTRIBUTION, ETC. (IMPRINT)
Place of publication, distribution, etc London,UK:
Name of publisher, distributor, etc Pitman,
Date of publication, distribution, etc 1991
300 ## - PHYSICAL DESCRIPTION
Extent 240 p.
546 ## - LANGUAGE NOTE
Language note EN
650 ## - SUBJECT ADDED ENTRY--TOPICAL TERM
Topical term or geographic name as entry element Management
942 ## - ADDED ENTRY ELEMENTS (KOHA)
Koha item type Books
Holdings
Withdrawn status Lost status Damaged status Not for loan Home library Current library Date acquired Total Checkouts Full call number Barcode Date last seen Price effective from Koha item type
        UMT Main Campus UMT Main Campus 2014-04-10   658.409 BOA-D 26173 2014-04-24 2014-04-24 Books